<?xml version="1.0" encoding="UTF-8"?>
<record
    xmlns:xsi="http://www.w3.org/2001/XMLSchema-instance"
    xsi:schemaLocation="http://www.loc.gov/MARC21/slim http://www.loc.gov/standards/marcxml/schema/MARC21slim.xsd"
    xmlns="http://www.loc.gov/MARC21/slim">

  <leader>00461nam a22001337a 4500</leader>
  <controlfield tag="008">150327b        xxu||||| |||| 00| 0 eng d</controlfield>
  <datafield tag="082" ind1=" " ind2=" ">
    <subfield code="a">750.69</subfield>
    <subfield code="b">U 47p</subfield>
  </datafield>
  <datafield tag="100" ind1=" " ind2=" ">
    <subfield code="a">Ulloa Barrenechea, Ricardo</subfield>
    <subfield code="9">2337</subfield>
  </datafield>
  <datafield tag="245" ind1=" " ind2=" ">
    <subfield code="a">Pintores de Costa Rica</subfield>
    <subfield code="c">Ulloa Barrenechea, Ricardo</subfield>
  </datafield>
  <datafield tag="260" ind1=" " ind2=" ">
    <subfield code="a">Costa Rica</subfield>
    <subfield code="b">Editorial Costa Rica</subfield>
    <subfield code="c">1979</subfield>
  </datafield>
  <datafield tag="300" ind1=" " ind2=" ">
    <subfield code="a">248 p.</subfield>
    <subfield code="b">ill. (color)</subfield>
    <subfield code="c">27 cm</subfield>
  </datafield>
  <datafield tag="650" ind1=" " ind2=" ">
    <subfield code="x">Arte</subfield>
    <subfield code="x">Pintores costarricenses</subfield>
    <subfield code="z">Costa Rica</subfield>
    <subfield code="9">2338</subfield>
  </datafield>
  <datafield tag="700" ind1=" " ind2=" ">
    <subfield code="a">Ricardo Ulloa Barrenechea</subfield>
    <subfield code="9">2339</subfield>
  </datafield>
  <datafield tag="999" ind1=" " ind2=" ">
    <subfield code="c">497</subfield>
    <subfield code="d">497</subfield>
  </datafield>
  <datafield tag="952" ind1=" " ind2=" ">
    <subfield code="0">0</subfield>
    <subfield code="1">0</subfield>
    <subfield code="2">ddc</subfield>
    <subfield code="4">0</subfield>
    <subfield code="7">0</subfield>
    <subfield code="a">LV</subfield>
    <subfield code="b">LV</subfield>
    <subfield code="c">Pensamiento</subfield>
    <subfield code="d">2015-03-27</subfield>
    <subfield code="l">0</subfield>
    <subfield code="o">750.69 U 47p</subfield>
    <subfield code="p">000513</subfield>
    <subfield code="r">2015-03-27 00:00:00</subfield>
    <subfield code="w">2015-03-27</subfield>
    <subfield code="y">01</subfield>
  </datafield>
</record>
